[Event "DEM U12/U12w 2014"]
[Site "Magdeburg GER"]
[Date "2014.06.10"]
[Round "5"]
[White "Suvorov, Alexander"]
[Black "Kopylov, Daniel"]
[Result "1/2-1/2"]
[Termination "normal"]
[Board "1"]
[WhiteElo "1569"]
[BlackElo "1813"]
[WhiteClock "00:13:14"]
[BlackClock "00:13:55"]
[PlyCount "56"]
[WhiteFideId "12977063"]
[BlackFideId "12921971"]
[EventCountry "GER"]
[EventRounds "11"]
[EventType "swiss"]
[EventDate "2014.06.07"]

1. e4 c5 2. b3 Nc6 3. Bb2 d6 4. Bb5 Bd7 5. Bxc6 Bxc6 6. d3 Nf6 7. Ne2 e6 8. O-O
Be7 9. Nd2 d5 10. exd5 exd5 11. d4 O-O 12. dxc5 Bxc5 13. Nf3 Re8 14. Ned4 Ne4
15. Qd3 Qb6 16. Rad1 Rad8 17. a3 a5 18. Rfe1 Rd7 19. Re2 Rde7 20. Rde1 f6 21.
g3 g5 22. Kg2 Qc7 23. Nf5 Re6 24. N3d4 Bxd4 25. Nxd4 R6e7 26. Nf5 Re6 27. Nd4
R6e7 28. Nf5 Re6 1/2-1/2

[Event "DEM U12/U12w 2014"]
[Site "Magdeburg GER"]
[Date "2014.06.10"]
[Round "5"]
[White "Engel, Luis"]
[Black "Oganessjan, Artur"]
[Result "1-0"]
[Termination "normal"]
[Board "2"]
[WhiteElo "1982"]
[BlackElo "1761"]
[WhiteClock "00:05:09"]
[BlackClock "00:09:03"]
[PlyCount "85"]
[WhiteFideId "12961523"]
[BlackFideId "12986062"]
[EventCountry "GER"]
[EventRounds "11"]
[EventType "swiss"]
[EventDate "2014.06.07"]

1. d4 f5 2. e4 e6 3. exf5 exf5 4. Nf3 Nf6 5. Bd3 d6 6. O-O Be7 7. c4 Nc6 8. Nc3
O-O 9. Re1 Bd7 10. d5 Nb4 11. Bb1 Na6 12. Nd4 Ng4 13. Qe2 Qc8 14. h3 Ne5 15. f4
Ng6 16. g3 Bf6 17. Be3 Re8 18. Qf2 Nc5 19. Qf3 a5 20. Bc2 c6 21. Bf2 Re7 22.
Rxe7 Nxe7 23. Re1 g6 24. b3 Kf7 25. Nde2 b5 26. Bxc5 dxc5 27. d6 Ng8 28. Qe3
Qe8 29. Qd2 Qe6 30. Kf1 Bg7 31. cxb5 Nf6 32. Ng1 Ne4 33. Nxe4 fxe4 34. Rxe4 Qf6
35. Re7+ Kf8 36. Rxd7 Re8 37. Re7 Rd8 38. Qe2 Rxd6 39. Re8+ Kf7 40. b6 Rd7 41.
Nf3 Qa1+ 42. Kg2 Qf6 43. Ng5+ 1-0

[Event "DEM U12/U12w 2014"]
[Site "Magdeburg GER"]
[Date "2014.06.10"]
[Round "5"]
[White "Schulze, Lara"]
[Black "Rockmann, Jan-Okke"]
[Result "0-1"]
[Termination "normal"]
[Board "3"]
[WhiteElo "1774"]
[BlackElo "1873"]
[WhiteClock "00:08:37"]
[BlackClock "01:08:24"]
[PlyCount "64"]
[WhiteFideId "12956830"]
[BlackFideId "12942111"]
[EventCountry "GER"]
[EventRounds "11"]
[EventType "swiss"]
[EventDate "2014.06.07"]

1. e4 c5 2. Nf3 Nc6 3. d4 cxd4 4. Nxd4 Nf6 5. Nc3 d6 6. f3 e5 7. Nb3 Be6 8. Be3
d5 9. exd5 Nxd5 10. Nxd5 Bxd5 11. Nd2 Rc8 12. c3 g6 13. c4 Be6 14. Ne4 Bb4+ 15.
Bd2 Be7 16. Bc3 Nd4 17. b3 f5 18. Nf2 O-O 19. Bxd4 Bb4+ 20. Ke2 exd4 21. Nd3
Bc3 22. Rc1 f4 23. g3 Qe7 24. Kf2 fxg3+ 25. hxg3 Bg4 26. Be2 Rce8 27. Rc2 Qe3+
28. Kg2 Bd7 29. Nf4 Rxf4 30. gxf4 Bf5 31. Rxc3 Qxc3 32. Re1 d3 0-1

[Event "DEM U12/U12w 2014"]
[Site "Magdeburg GER"]
[Date "2014.06.10"]
[Round "5"]
[White "Tong, Kevin"]
[Black "Renger, Niklas"]
[Result "0-1"]
[Termination "normal"]
[Board "4"]
[WhiteElo "1758"]
[BlackElo "1794"]
[WhiteClock "00:06:40"]
[BlackClock "00:32:34"]
[PlyCount "116"]
[WhiteFideId "12913944"]
[BlackFideId "12908096"]
[EventCountry "GER"]
[EventRounds "11"]
[EventType "swiss"]
[EventDate "2014.06.07"]

1. e4 c5 2. Nf3 d6 3. d4 cxd4 4. Nxd4 Nf6 5. Nc3 g6 6. Be3 Bg7 7. f3 O-O 8. Qd2
Nc6 9. Bc4 Bd7 10. g4 Rc8 11. Be2 Ne5 12. O-O-O Nc4 13. Bxc4 Rxc4 14. h4 Qc7
15. Bh6 Nxe4 16. Nxe4 Rxd4 17. Qe3 Rxd1+ 18. Kxd1 Rc8 19. c3 Qb6 20. Qd2 Bxh6
21. Qxh6 Qxb2 22. Ng5 Ba4+ 23. Ke1 Qxc3+ 24. Kf2 Qd4+ 25. Kg3 Qe5+ 26. Kh3 Qg7
27. Qxg7+ Kxg7 28. h5 h6 29. Ne4 d5 30. Ng3 Rc2 31. hxg6 fxg6 32. Re1 Kf7 33.
f4 d4 34. Re4 Rd2 35. f5 g5 36. f6 e6 37. Nh5 Rd3+ 38. Kh2 Rd2+ 39. Kg1 Bc2 40.
Re5 Bg6 41. Rb5 b6 42. a4 Rd1+ 43. Kf2 Rb1 44. Re5 Bxh5 45. gxh5 d3 46. Re1
Rxe1 47. Kxe1 g4 48. Kd2 g3 49. Ke3 g2 50. Kf2 d2 51. Kxg2 d1=Q 52. Kf2 Qd3 53.
a5 Kxf6 54. axb6 axb6 55. Kg2 Kf5 56. Kf2 Kg4 57. Ke1 Qc2 58. Kf1 Kf3 0-1

[Event "DEM U12/U12w 2014"]
[Site "Magdeburg GER"]
[Date "2014.06.10"]
[Round "5"]
[White "Schallner, Marc"]
[Black "Mätzkow, Maximilian Paul"]
[Result "1/2-1/2"]
[Termination "normal"]
[Board "5"]
[WhiteElo "1668"]
[BlackElo "1841"]
[WhiteClock "00:14:10"]
[BlackClock "00:28:19"]
[PlyCount "65"]
[WhiteFideId "12971243"]
[BlackFideId "24679933"]
[EventCountry "GER"]
[EventRounds "11"]
[EventType "swiss"]
[EventDate "2014.06.07"]

1. e4 c5 2. Nf3 d6 3. d4 cxd4 4. Nxd4 Nf6 5. Nc3 a6 6. f3 e5 7. Nb3 h5 8. Be3
Be6 9. Be2 Be7 10. Qd2 Nbd7 11. O-O-O b5 12. h3 h4 13. Nd5 Nxd5 14. exd5 Bf5
15. Bd3 Bxd3 16. Qxd3 Qc7 17. Kb1 Rc8 18. Nd2 a5 19. Rc1 b4 20. c3 Rb8 21. cxb4
Qb7 22. Rc3 Nf6 23. Rc6 Qxb4 24. Nc4 O-O 25. Rb6 Rxb6 26. Nxb6 a4 27. a3 Qa5
28. Rc1 Bd8 29. Nc4 Qxd5 30. Rd1 Qxd3+ 31. Rxd3 Be7 32. Bg5 Rd8 33. Bxh4
1/2-1/2

[Event "DEM U12/U12w 2014"]
[Site "Magdeburg GER"]
[Date "2014.06.10"]
[Round "5"]
[White "Dietz, Florian"]
[Black "Biastoch, Bennet"]
[Result "0-1"]
[Termination "normal"]
[Board "6"]
[WhiteElo "1860"]
[BlackElo "1754"]
[WhiteClock "01:05:37"]
[BlackClock "01:05:57"]
[PlyCount "58"]
[WhiteFideId "12939897"]
[BlackFideId "12939889"]
[EventCountry "GER"]
[EventRounds "11"]
[EventType "swiss"]
[EventDate "2014.06.07"]

1. e4 c5 2. Nf3 d6 3. d4 cxd4 4. Nxd4 Nf6 5. Nc3 a6 6. Be3 Ng4 7. Bg5 h6 8. Bh4
g5 9. Bg3 Bg7 10. f3 Ne3 11. Qd3 Bxd4 12. Bf2 Qb6 13. Bxe3 Bxe3 14. Nd5 Qxb2
15. Qxe3 Qxa1+ 16. Kd2 Nd7 17. Nc7+ Kd8 18. Nxa8 Qb2 19. Be2 b6 20. Rb1 Qxb1
21. Qc3 e5 22. Qc4 Qb2 23. Qxf7 Qd4+ 24. Kc1 Rf8 25. Qg7 Bb7 26. f4 Qe3+ 27.
Kd1 Qxf4 28. g3 Qf6 29. Qh7 Rh8 0-1

[Event "DEM U12/U12w 2014"]
[Site "Magdeburg GER"]
[Date "2014.06.10"]
[Round "5"]
[White "Wierzbicki, Jirawat"]
[Black "Zimmer, Raphael"]
[Result "1-0"]
[Termination "normal"]
[Board "7"]
[WhiteElo "1774"]
[BlackElo "1868"]
[PlyCount "61"]
[WhiteFideId "1153579"]
[BlackFideId "12978841"]
[EventCountry "GER"]
[EventRounds "11"]
[EventType "swiss"]
[EventDate "2014.06.07"]

1. e4 e5 2. d4 exd4 3. Qxd4 Nc6 4. Qe3 Nf6 5. Nc3 Bb4 6. Bd2 d6 7. O-O-O O-O 8.
f3 Re8 9. Qf2 Bc5 10. Qh4 h6 11. g4 Bxg1 12. Rxg1 Ne5 13. Qg3 Ng6 14. Bc4 c6
15. Bf4 b5 16. Bd3 b4 17. Ne2 Be6 18. e5 Nxf4 19. Nxf4 Nd5 20. Nxd5 Bxd5 21.
exd6 Qa5 22. g5 h5 23. g6 f6 24. Qh3 Bxa2 25. d7 Re7 26. Bf5 Qb6 27. Rge1 Rxd7
28. Rxd7 Kf8 29. Qxh5 Qf2 30. Qh8+ Bg8 31. Qxg7# 1-0

[Event "DEM U12/U12w 2014"]
[Site "Magdeburg GER"]
[Date "2014.06.10"]
[Round "5"]
[White "Wagner, Benjamin"]
[Black "Suvorov, Luca"]
[Result "1/2-1/2"]
[Termination "normal"]
[Board "8"]
[WhiteElo "1634"]
[BlackElo "1599"]
[PlyCount "109"]
[WhiteFideId "12957330"]
[BlackFideId "12977071"]
[EventCountry "GER"]
[EventRounds "11"]
[EventType "swiss"]
[EventDate "2014.06.07"]

1. e4 c6 2. c4 d5 3. exd5 cxd5 4. cxd5 Nf6 5. Nc3 Nxd5 6. Nf3 Nxc3 7. bxc3 Bg4
8. Bb5+ Bd7 9. Bc4 e6 10. O-O Bd6 11. d4 O-O 12. Re1 Bc6 13. Bg5 Qa5 14. Qd2
Bxf3 15. gxf3 Nd7 16. Bd3 Rac8 17. Rac1 Rfe8 18. f4 Kh8 19. Re3 f6 20. Rh3 fxg5
21. Rxh7+ Kg8 22. fxg5 Nf8 23. Rh5 Qc7 24. Qe2 Bf4 25. Rb1 g6 26. Rh4 Re7 27.
Qe4 Bd6 28. c4 Rg7 29. c5 Bxc5 30. dxc5 Qxc5 31. Rg4 b6 32. Bc4 Qf5 33. Re1
Qxe4 34. Rgxe4 Re7 35. Bxe6+ Nxe6 36. Rxe6 Rxe6 37. Rxe6 Kf7 38. Rf6+ Kg7 39.
Rd6 Rc7 40. Kg2 Rb7 41. a4 Rf7 42. Kg3 Rf5 43. h4 Ra5 44. Rd4 a6 45. f3 Kf7 46.
Rb4 b5 47. axb5 Rxb5 48. Rf4+ Kg7 49. Ra4 a5 50. Kf2 Rb2+ 51. Kg3 Rb5 52. Kf4
Rf5+ 53. Ke4 Rb5 54. Kd4 Rf5 55. Ke4 1/2-1/2

[Event "DEM U12/U12w 2014"]
[Site "Magdeburg GER"]
[Date "2014.06.10"]
[Round "5"]
[White "Preißler, Niklas"]
[Black "Röhr, Tobias"]
[Result "1-0"]
[Termination "normal"]
[Board "9"]
[WhiteElo "1812"]
[BlackElo "1588"]
[PlyCount "79"]
[WhiteFideId "12927554"]
[BlackFideId "12963089"]
[EventCountry "GER"]
[EventRounds "11"]
[EventType "swiss"]
[EventDate "2014.06.07"]

1. d4 d5 2. Nf3 e6 3. Bf4 Nf6 4. e3 c5 5. c3 Nc6 6. Nbd2 Qb6 7. Rb1 Be7 8. Bd3
O-O 9. h3 Nd7 10. O-O f6 11. Bg3 e5 12. dxe5 fxe5 13. e4 d4 14. Nc4 Qc7 15.
cxd4 cxd4 16. Rc1 Bd6 17. Ng5 Nc5 18. Nxd6 Qxd6 19. Rxc5 Qxc5 20. Qb3+ Kh8 21.
Nf7+ Rxf7 22. Qxf7 h6 23. Qe8+ Kh7 24. Be2 Bg4 25. Qxa8 Bxe2 26. Qc8 d3 27.
Qf5+ Kg8 28. Qc8+ Kf7 29. Qf5+ Ke7 30. Bh4+ g5 31. Bxg5+ hxg5 32. Qxg5+ Kd7 33.
Rc1 Qb4 34. Rc3 Qxb2 35. Qf5+ Kd8 36. Qf6+ Kc8 37. Qe6+ Kd8 38. Qd6+ Ke8 39.
Qe6+ Ne7 40. Rc8# 1-0

[Event "DEM U12/U12w 2014"]
[Site "Magdeburg GER"]
[Date "2014.06.10"]
[Round "5"]
[White "Graf, Justus Felix"]
[Black "Stork, Oliver"]
[Result "1-0"]
[Termination "normal"]
[Board "10"]
[WhiteElo "1513"]
[BlackElo "1629"]
[PlyCount "57"]
[WhiteFideId "12929212"]
[BlackFideId "12955728"]
[EventCountry "GER"]
[EventRounds "11"]
[EventType "swiss"]
[EventDate "2014.06.07"]

1. e4 c6 2. d4 d5 3. Nc3 b5 4. a3 a6 5. Nf3 e6 6. Bg5 Be7 7. Bxe7 Nxe7 8. Be2
Nd7 9. b4 Bb7 10. Qd3 Ng6 11. g3 O-O 12. h4 a5 13. O-O Qc7 14. h5 Ne7 15. h6 g6
16. Ng5 Nb6 17. Bg4 Qd7 18. Rfe1 axb4 19. exd5 Nexd5 20. Nxd5 Qxd5 21. Nxf7 c5
22. f3 bxa3 23. Bxe6 Qxf3 24. Ng5+ Kh8 25. Nxf3 Rxf3 26. Re3 c4 27. Qd2 Rf6 28.
d5 Rd8 29. Qd4 1-0

[Event "DEM U12/U12w 2014"]
[Site "Magdeburg GER"]
[Date "2014.06.10"]
[Round "5"]
[White "Schneider, Jana"]
[Black "Lieberwirth, Kasimir"]
[Result "1-0"]
[Termination "normal"]
[Board "11"]
[WhiteElo "1824"]
[BlackElo "1628"]
[PlyCount "105"]
[WhiteFideId "12924997"]
[BlackFideId "12988146"]
[EventCountry "GER"]
[EventRounds "11"]
[EventType "swiss"]
[EventDate "2014.06.07"]

1. e4 c5 2. Nf3 Nc6 3. Bb5 Nf6 4. Nc3 a6 5. Bxc6 dxc6 6. h3 g6 7. O-O Bg7 8. d3
O-O 9. Be3 b6 10. a4 a5 11. Bf4 Nh5 12. Bh2 Ba6 13. Re1 b5 14. Rb1 b4 15. Ne2
c4 16. d4 e6 17. c3 b3 18. Kh1 Qd7 19. Neg1 Rfd8 20. Ne5 Bxe5 21. Bxe5 f6 22.
Bh2 Kf7 23. Ra1 Rac8 24. Nf3 c5 25. Qd2 Kg8 26. Red1 cxd4 27. Qxd4 Qxd4 28.
Nxd4 e5 29. Ne6 Re8 30. Rd6 Bb7 31. f3 Kf7 32. Rd7+ Re7 33. Nd8+ Kf8 34. Rxe7
Kxe7 35. Nxb7 Ra8 36. Rd1 Rc8 37. Nxa5 Rc5 38. Rd5 Rxd5 39. exd5 Kd6 40. Nxc4+
Kxd5 41. a5 Kxc4 42. a6 Kd3 43. a7 Kc2 44. a8=Q Kxb2 45. c4 Kc2 46. c5 b2 47.
Qa2 Ng7 48. c6 Ne8 49. Bg1 Kc1 50. Be3+ Kc2 51. Kg1 Nc7 52. Kf2 Ne6 53. Qc4+
1-0

[Event "DEM U12/U12w 2014"]
[Site "Magdeburg GER"]
[Date "2014.06.10"]
[Round "5"]
[White "Pfreundt, Mathis"]
[Black "Roseneck, Jonas"]
[Result "1-0"]
[Termination "normal"]
[Board "12"]
[WhiteElo "1667"]
[BlackElo "1766"]
[PlyCount "59"]
[WhiteFideId "12967092"]
[BlackFideId "12939870"]
[EventCountry "GER"]
[EventRounds "11"]
[EventType "swiss"]
[EventDate "2014.06.07"]

1. e4 c5 2. Nc3 Nc6 3. g3 g6 4. Bg2 Bg7 5. d3 e6 6. f4 Nge7 7. Nf3 O-O 8. Ne2
d5 9. O-O b6 10. c3 Ba6 11. Qc2 Rc8 12. Rd1 Qc7 13. Be3 Rfd8 14. Bf2 Bb7 15.
Rac1 a5 16. a4 Ba6 17. Bh3 Rb8 18. g4 Na7 19. Bg3 Rb7 20. g5 Qd7 21. Nh4 b5 22.
f5 Nec6 23. fxe6 Qe7 24. exf7+ Kh8 25. Nf4 dxe4 26. Nfxg6+ hxg6 27. Nxg6+ Kh7
28. Nxe7 Nxe7 29. dxe4 Rxd1+ 30. Qxd1 1-0

[Event "DEM U12/U12w 2014"]
[Site "Magdeburg GER"]
[Date "2014.06.10"]
[Round "5"]
[White "Baltic, Fatih"]
[Black "Meyling, Lennart"]
[Result "0-1"]
[Termination "normal"]
[Board "13"]
[WhiteElo "1870"]
[BlackElo "1722"]
[PlyCount "70"]
[WhiteFideId "12979090"]
[BlackFideId "12947130"]
[EventCountry "GER"]
[EventRounds "11"]
[EventType "swiss"]
[EventDate "2014.06.07"]

1. e4 c5 2. Nc3 a6 3. f4 b5 4. Nf3 Bb7 5. d3 e6 6. g3 Nf6 7. Bg2 Be7 8. O-O O-O
9. h3 c4 10. e5 Qb6+ 11. d4 Nd5 12. Nxd5 Bxd5 13. g4 Nc6 14. Be3 f6 15. c3 Rac8
16. Qe2 fxe5 17. Nxe5 Bxg2 18. Qxg2 Nxe5 19. fxe5 d6 20. exd6 Bxd6 21. Rfe1
Rce8 22. Re2 Qc7 23. Bf2 Rf6 24. Bh4 Rh6 25. Bf2 Rf6 26. Rae1 Ref8 27. Rf1 Bg3
28. Rc2 Qf4 29. Re2 Bxf2+ 30. Rexf2 Qe3 31. d5 exd5 32. Qxd5+ Kh8 33. Qd4 Qg3+
34. Kh1 Rxf2 35. Rxf2 Qxf2 0-1

[Event "DEM U12/U12w 2014"]
[Site "Magdeburg GER"]
[Date "2014.06.10"]
[Round "5"]
[White "Holinka, Henning"]
[Black "Jahn, Felix"]
[Result "1-0"]
[Termination "normal"]
[Board "14"]
[WhiteElo "1689"]
[BlackElo "1517"]
[PlyCount "69"]
[WhiteFideId "12967084"]
[BlackFideId "12983632"]
[EventCountry "GER"]
[EventRounds "11"]
[EventType "swiss"]
[EventDate "2014.06.07"]

1. e4 e6 2. d4 d5 3. e5 c5 4. c3 Nc6 5. g3 Bd7 6. Bh3 cxd4 7. cxd4 Bb4+ 8. Nc3
Qb6 9. Nge2 Nge7 10. O-O Bxc3 11. bxc3 O-O 12. f4 Na5 13. g4 Nc4 14. Kh1 f6 15.
exf6 Rxf6 16. Ng3 Qc7 17. Qe1 Re8 18. g5 Rff8 19. Bxe6+ Bxe6 20. Qxe6+ Kh8 21.
Qh3 Nd6 22. Ba3 Nc4 23. Bxe7 Rxe7 24. g6 h6 25. Nf5 Qc8 26. Qh4 Rc7 27. Nxh6
gxh6 28. Qxh6+ Kg8 29. Rf3 Qd7 30. g7 Rf5 31. Qh8+ Kf7 32. Qf8+ Ke6 33. g8=Q+
Rf7 34. f5+ Kf6 35. Qgg7# 1-0

[Event "DEM U12/U12w 2014"]
[Site "Magdeburg GER"]
[Date "2014.06.10"]
[Round "5"]
[White "Collin, Alexander"]
[Black "Pölt, Christoph"]
[Result "0-1"]
[Termination "normal"]
[Board "15"]
[WhiteElo "1590"]
[BlackElo "1741"]
[PlyCount "152"]
[WhiteFideId "12946745"]
[BlackFideId "12960853"]
[EventCountry "GER"]
[EventRounds "11"]
[EventType "swiss"]
[EventDate "2014.06.07"]

1. e4 e5 2. Nf3 Nc6 3. d4 exd4 4. Nxd4 d6 5. Nxc6 bxc6 6. Bc4 Be6 7. Bxe6 fxe6
8. O-O Nf6 9. Nc3 Be7 10. f4 O-O 11. e5 Nd5 12. Nxd5 cxd5 13. Qg4 Qd7 14. b3
dxe5 15. Bb2 Bc5+ 16. Kh1 Rxf4 17. Rxf4 exf4 18. Qxf4 Rf8 19. Qg4 Rf2 20. Rc1
Qf7 21. h4 Rf1+ 22. Rxf1 Qxf1+ 23. Kh2 Qg1+ 24. Kh3 Qh1+ 25. Kg3 Qe1+ 26. Kh3
Qe3+ 27. Kh2 g6 28. h5 Bd6+ 29. g3 Bc5 30. Qh4 Qg1+ 31. Kh3 Qh1+ 32. Kg4 Qd1+
33. Kh3 Qxh5 34. Qxh5 gxh5 35. Kh4 Bd6 36. Bd4 c5 37. Bf2 Kg7 38. Kxh5 Be7 39.
a4 a6 40. Kg4 Kg6 41. Kf4 Bd6+ 42. Kf3 h5 43. g4 hxg4+ 44. Kxg4 e5 45. c3 d4
46. cxd4 cxd4 47. Be1 e4 48. b4 d3 49. Bd2 Kf6 50. b5 axb5 51. axb5 Ke6 52. Be3
Bc5 53. Bc1 e3 54. Kf3 e2 55. Bd2 Kd5 56. Be1 Kc4 57. b6 Bxb6 58. Bd2 Bd4 59.
Be1 Bc3 60. Bf2 e1=Q 61. Bxe1 Bxe1 62. Ke3 Kc3 63. Kf3 d2 64. Ke2 Kc2 65. Ke3
d1=Q 66. Ke4 Qd3+ 67. Kf4 Qe2 68. Kf5 Qe3 69. Kf6 Qe4 70. Kf7 Qe5 71. Kg6 Qf4
72. Kg7 Qd6 73. Kf7 Kd3 74. Kg7 Ke4 75. Kf7 Kf5 76. Kg7 Qg6+ 0-1

[Event "DEM U12/U12w 2014"]
[Site "Magdeburg GER"]
[Date "2014.06.10"]
[Round "5"]
[White "Mönster, Madita"]
[Black "Staufenberger, Philipp"]
[Result "1/2-1/2"]
[Termination "normal"]
[Board "16"]
[WhiteElo "1637"]
[BlackElo "1620"]
[PlyCount "108"]
[WhiteFideId "12947156"]
[BlackFideId "12970883"]
[EventCountry "GER"]
[EventRounds "11"]
[EventType "swiss"]
[EventDate "2014.06.07"]

1. e4 e6 2. d4 d5 3. Nd2 dxe4 4. Nxe4 Bd7 5. Nf3 Bc6 6. Ned2 Nf6 7. Bd3 Bd6 8.
O-O Nbd7 9. Re1 O-O 10. b3 Nd5 11. c4 Nf4 12. Qc2 Nxd3 13. Qxd3 Nf6 14. Bb2 Re8
15. Rad1 Qd7 16. Ng5 h6 17. Nge4 Nxe4 18. Nxe4 Bxe4 19. Rxe4 Rad8 20. Qf3 c6
21. Rg4 Bf8 22. Qg3 Qd6 23. Qxd6 Rxd6 24. Re1 Red8 25. Kf1 Kh7 26. Rf4 Kg6 27.
Re3 R6d7 28. a3 c5 29. Rfe4 cxd4 30. Rd3 Kf5 31. Rexd4 Rxd4 32. Rxd4 Rxd4 33.
Bxd4 g6 34. c5 Ke4 35. Be3 h5 36. b4 Kd5 37. a4 a6 38. Ke2 Bg7 39. Kd3 Bb2 40.
f3 Be5 41. h4 Bg3 42. b5 axb5 43. axb5 Bc7 44. g4 f5 45. gxf5 gxf5 46. f4 e5
47. fxe5 Bxe5 48. Bf2 Bc7 49. c6 bxc6 50. bxc6 Be5 51. Ke2 Kxc6 52. Kf3 Kd5 53.
Be1 Bd6 54. Bf2 Be5 1/2-1/2

[Event "DEM U12/U12w 2014"]
[Site "Magdeburg GER"]
[Date "2014.06.10"]
[Round "5"]
[White "Gheng, Dominik"]
[Black "ter Stal, Sven"]
[Result "0-1"]
[Termination "normal"]
[Board "17"]
[WhiteElo "1556"]
[BlackElo "1707"]
[PlyCount "58"]
[WhiteFideId "12906778"]
[BlackFideId "12946443"]
[EventCountry "GER"]
[EventRounds "11"]
[EventType "swiss"]
[EventDate "2014.06.07"]

1. e4 d6 2. d4 g6 3. Nc3 Bg7 4. Be3 c6 5. Bc4 Nd7 6. Nf3 Ngf6 7. Qd2 b5 8. Bb3
a5 9. a4 b4 10. Ne2 Nxe4 11. Qd3 Ndf6 12. Qc4 d5 13. Qd3 Ba6 14. Qd1 O-O 15.
Ne5 Qc8 16. f3 Nd6 17. Qc1 Nd7 18. Nxd7 Qxd7 19. Kf2 Nf5 20. Qd2 Nxe3 21. Qxe3
Rfe8 22. f4 f6 23. Rhe1 e5 24. fxe5 fxe5 25. dxe5 Rxe5 26. Qd2 Rf8+ 27. Kg1
Qa7+ 28. Kh1 Qf2 29. Ng3 Qxd2 0-1

[Event "DEM U12/U12w 2014"]
[Site "Magdeburg GER"]
[Date "2014.06.10"]
[Round "5"]
[White "Mantel, Ruben"]
[Black "Hermanns, Till"]
[Result "1-0"]
[Termination "normal"]
[Board "18"]
[WhiteElo "1645"]
[BlackElo "1449"]
[PlyCount "177"]
[WhiteFideId "12930121"]
[BlackFideId "12972347"]
[EventCountry "GER"]
[EventRounds "11"]
[EventType "swiss"]
[EventDate "2014.06.07"]

1. f4 d5 2. Nf3 c6 3. b3 Nf6 4. Bb2 e6 5. e3 Be7 6. d3 Nbd7 7. Ne5 Nxe5 8. fxe5
Nd7 9. Nd2 Qc7 10. Nf3 Nb6 11. Be2 Bd7 12. O-O O-O-O 13. a4 g5 14. a5 Na8 15.
c4 Rhg8 16. d4 Rdf8 17. Ba3 Bxa3 18. Rxa3 Qd8 19. Qc2 Qe7 20. c5 f5 21. b4 a6
22. Rc1 Nc7 23. Nd2 g4 24. Nf1 Qh4 25. Rc3 Kd8 26. b5 axb5 27. Ra1 Na6 28. Rc1
Ke7 29. Bxb5 cxb5 30. c6 Nb4 31. Qb3 Nxc6 32. a6 Kf7 33. axb7 Qe7 34. Rxc6 Bxc6
35. Rxc6 Qxb7 36. Rc5 Rb8 37. Nd2 Rgc8 38. Qb4 Rxc5 39. dxc5 Qc7 40. Qd4 b4 41.
Nb3 Qc6 42. Qf4 Ke8 43. Qh6 Qd7 44. Nd4 Qf7 45. Nxe6 Ke7 46. Nd4 Ke8 47. Ne6
Kd7 48. Nd4 Qg6 49. e6+ Ke8 50. Qf4 Ra8 51. Qc7 Ra1+ 52. Kf2 Ra2+ 53. Kg3 f4+
54. Qxf4 Ra8 55. Qc7 Rd8 56. Nc6 Qf6 57. e7 Ra8 58. Ne5 Qe6 59. Nxg4 Qxe7 60.
Qc6+ Kf7 61. Qxa8 Qc7+ 62. Kf3 Qxc5 63. Qb7+ Ke6 64. Qa6+ Qd6 65. Qc8+ Qd7 66.
Qb8 Qd6 67. Qb7 Qe7 68. Qb5 Qd6 69. Qd3 h5 70. Qg6+ Kd7 71. Qxh5 Kc6 72. Qe8+
Qd7 73. Qa8+ Qb7 74. Ne5+ Kb6 75. Qxb7+ Kxb7 76. Nd3 d4 77. exd4 Kc7 78. Nxb4
Kd6 79. g4 Ke6 80. g5 Kf5 81. d5 Ke5 82. g6 Kd6 83. g7 Kc5 84. g8=Q Kb5 85. Qc8
Ka4 86. Nd3 Kb3 87. Qc5 Ka2 88. Qb4 Ka1 89. Qb2# 1-0

[Event "DEM U12/U12w 2014"]
[Site "Magdeburg GER"]
[Date "2014.06.10"]
[Round "5"]
[White "Biermann, Lenhard"]
[Black "Bui, Hai Lam"]
[Result "1/2-1/2"]
[Termination "normal"]
[Board "19"]
[WhiteElo "1535"]
[BlackElo "1674"]
[PlyCount "53"]
[WhiteFideId "12970077"]
[BlackFideId "12975737"]
[EventCountry "GER"]
[EventRounds "11"]
[EventType "swiss"]
[EventDate "2014.06.07"]

1. d4 Nf6 2. c4 e6 3. Nc3 Bb4 4. Nf3 b6 5. Bf4 Ne4 6. Rc1 O-O 7. e3 Nxc3 8.
bxc3 Be7 9. Be2 d6 10. O-O c5 11. Qb3 Nc6 12. Rfd1 Na5 13. Qc2 Qc7 14. e4 Ba6
15. e5 Rfd8 16. Nd2 d5 17. cxd5 Bxe2 18. d6 Qb7 19. dxe7 Qxe7 20. Re1 Bh5 21.
Be3 Nb7 22. f3 Rac8 23. Qb2 h6 24. Ne4 Bg6 25. Bf4 Rd7 26. Nd6 Rcd8 27. Rcd1
1/2-1/2

[Event "DEM U12/U12w 2014"]
[Site "Magdeburg GER"]
[Date "2014.06.10"]
[Round "5"]
[White "Huber, Benedikt"]
[Black "Hoffmann, Lennard"]
[Result "1-0"]
[Termination "normal"]
[Board "20"]
[WhiteElo "1719"]
[BlackElo "1801"]
[PlyCount "65"]
[WhiteFideId "12923583"]
[BlackFideId "12943495"]
[EventCountry "GER"]
[EventRounds "11"]
[EventType "swiss"]
[EventDate "2014.06.07"]

1. d4 d5 2. Bf4 Nf6 3. e3 e6 4. Nf3 c5 5. Nc3 Bd6 6. Bxd6 Qxd6 7. Bd3 c4 8. Be2
O-O 9. b3 cxb3 10. cxb3 Nc6 11. O-O e5 12. dxe5 Nxe5 13. h3 Bf5 14. Nd4 Be4 15.
f3 Bg6 16. f4 Rac8 17. Ncb5 Qe7 18. fxe5 Qxe5 19. Qd2 Ne4 20. Qe1 a6 21. Na3 f5
22. Rc1 Rce8 23. Nac2 f4 24. exf4 Rxf4 25. Rxf4 Qxf4 26. Qf1 Qg5 27. Bg4 Nd2
28. Qd1 h5 29. Nf3 Nxf3+ 30. Bxf3 Be4 31. Bxe4 dxe4 32. Qe1 e3 33. Qe2 1-0

[Event "DEM U12/U12w 2014"]
[Site "Magdeburg GER"]
[Date "2014.06.10"]
[Round "5"]
[White "Wong, Gengchun"]
[Black "Recktenwald, Cedric"]
[Result "1-0"]
[Termination "normal"]
[Board "21"]
[WhiteElo "1857"]
[BlackElo "1435"]
[PlyCount "117"]
[WhiteFideId "12963283"]
[BlackFideId "12971928"]
[EventCountry "GER"]
[EventRounds "11"]
[EventType "swiss"]
[EventDate "2014.06.07"]

1. e4 e6 2. d4 d5 3. Nd2 dxe4 4. Nxe4 Nd7 5. Bd3 Ngf6 6. Nf3 Nxe4 7. Bxe4 Nf6
8. Bd3 Be7 9. O-O O-O 10. Qe2 b6 11. Bg5 Bb7 12. c3 Nd5 13. Bxe7 Qxe7 14. Qe4
g6 15. Rad1 Rab8 16. Qe5 Qf6 17. Rfe1 Qxe5 18. Nxe5 Rfd8 19. Bb5 Ne7 20. f3 Rd6
21. Ng4 Kg7 22. Re5 Rbd8 23. Rde1 Bc6 24. Bxc6 Nxc6 25. R5e2 R6d7 26. Ne3 Rd6
27. h3 h6 28. f4 R6d7 29. g4 Rh8 30. f5 exf5 31. gxf5 Rg8 32. fxg6 fxg6 33. Rg2
Rf8 34. Ng4 Rd5 35. Re6 Rd6 36. Re3 Rd7 37. Rd2 Rd5 38. Re6 Rd6 39. Re4 Rd5 40.
Ne3 Rd7 41. Nc4 Rf6 42. Rde2 Kf7 43. Ne3 Re7 44. Rxe7+ Nxe7 45. Ng4 Re6 46.
Nxh6+ Kf6 47. Ng4+ Kf7 48. Rf2+ Kg7 49. Kg2 Nf5 50. d5 Rd6 51. c4 c6 52. dxc6
Rxc6 53. b3 Rc5 54. Rd2 a6 55. Rd7+ Kf8 56. Ra7 a5 57. Rb7 Rc6 58. Ne5 Re6 59.
Nd7+ 1-0